[Event "Reykjavik op"]
[Site "Reykjavik"]
[Date "2017.04.25"]
[Round "8"]
[White "Meyer, Juergen"]
[Black "Gudmundsson, Einar S"]
[Result "1-0"]
[WhiteElo "1944"]
[BlackElo "1739"]
[PlyCount "183"]
[EventDate "2017.04.19"]
[EventType "swiss"]
[EventRounds "10"]
[EventCountry "ISL"]
[SourceTitle "CBM 178 Extra"]
[Source "ChessBase"]
[SourceDate "2017.06.22"]
[SourceVersion "1"]
[SourceVersionDate "2017.06.22"]
[SourceQuality "1"]

1. e4 c5 2. Nf3 e6 3. c4 Nc6 4. d4 cxd4 5. Nxd4 a6 6. a3 Nf6 7. Nc3 d6 8. Be2 Be7 9. 0-0 0-0 10. Be3 Qc7 11. f3 Ne5 12. Rc1 Bd7 13. Qd2 Rac8 14. Rfd1 Rfd8 15. Bf1 Ng6 16. Qf2 b6 17. b4 Qb7 18. Nb3 Rb8 19. Rb1 Rdc8 20. c5 dxc5 21. bxc5 b5 22. Na2 Ne5 23. Bf4 Qc7 24. Rbc1 Nd3 25. Bxc7 Nxf2 26. Bxb8 Nxd1 27. Bf4 Nb2 28. Be3 Na4 29. Nb4 a5 30. Nd3 Bd8 31. Bd2 b4 32. axb4 axb4 33. Nxb4 Be7 34. Na6 Bd8 35. Be3 Kf8 36. Bd3 Nb2 37. Be2 Na4 38. Kf2 e5 39. Bc4 Nb2 40. Be2 Be6 41. Nd2 Ba5 42. Nc4 Nxc4 43. Bxc4 Bxc4 44. Rxc4 Nd7 45. Ke2 Nb8 46. Nxb8 Rxb8 47. c6 Rb2+ 48. Kf1 Bc7 49. Bc5+ Ke8 50. h4 h5 51. Kg1 f6 52. Kh2 Kf7 53. Kh3 g6 54. Ra4 Rc2 55. Ra7 Rxc5 56. Rxc7+ Kf8 57. Rc8+ Kf7 58. c7 Kg7 59. Kh2 Rc2 60. Kg1 f5 61. Kf1 fxe4 62. fxe4 Rc4 63. Kf2 Rc2+ 64. Ke3 Rc1 65. Re8 Rxc7 66. Rxe5 Rc2 67. g3 Kf6 68. Ra5 Rc1 69. Ra6+ Kf7 70. Kf4 Rc4 71. Ke5 Rc5+ 72. Kf4 Rc4 73. Rd6 Ra4 74. Ke5 Ra5+ 75. Rd5 Ra6 76. Rd7+ Kf8 77. Rb7 Rc6 78. Rb3 Ra6 79. Rd3 Ke7 80. Kf4 Re6 81. Rd5 Kf6 82. e5+ Kg7 83. Kg5 Re7 84. Ra5 Rb7 85. Ra6 Rb5 86. Rxg6+ Kf7 87. Rf6+ Kg7 88. Kf5 Ra5 89. Rg6+ Kh7 90. Rg5 Kh6 91. Kf6 Ra6+ 92. e6 1-0

[Event "Nordic-ch Seniors"]
[Site "Reykjavik"]
[Date "2011.09.16"]
[Round "7"]
[White "Gudmundsson, Einar S"]
[Black "Bue, Gunnar"]
[Result "1-0"]
[WhiteElo "1713"]
[BlackElo "1772"]
[PlyCount "92"]
[EventDate "2011.09.10"]
[EventType "swiss"]
[EventRounds "9"]
[EventCountry "ISL"]
[SourceTitle "CBM 144 Extra"]
[Source "ChessBase"]
[SourceDate "2011.10.28"]
[SourceVersion "1"]
[SourceVersionDate "2011.10.28"]
[SourceQuality "1"]

1. d4 Nf6 2. c4 g6 3. Nc3 Bg7 4. g3 0-0 5. Bg2 c6 6. Nf3 d6 7. 0-0 Nbd7 8. e4 e5 9. Bg5 h6 10. Bd2 exd4 11. Nxd4 Qb6 12. Nb3 Ne5 13. Be3 Qc7 14. c5 dxc5 15. Bxc5 Rd8 16. Qe2 Be6 17. Rfd1 Bc4 18. Qe3 Nfg4 19. Qc1 Nd3 20. Rxd3 Rxd3 21. Bf1 Ne5 22. Bxd3 Nxd3 23. Qe3 Nxb2 24. Rb1 Nd3 25. Bd4 Ne5 26. h3 b6 27. Nd2 Be6 28. Kg2 Rd8 29. Bxe5 Qxe5 30. Rc1 Qh5 31. g4 Qa5 32. Nb3 Qa6 33. Qe2 Bc4 34. Qe1 Rd3 35. Nd1 Qxa2 36. Rxc4 Qxb3 37. Rc1 Rxh3 38. Ne3 Rh4 39. Rxc6 Be5 40. f4 Bxf4 41. Qxh4 Qxe3 42. Rc8+ Kg7 43. Re8 Qe2+ 44. Qf2 Qxg4+ 45. Kf1 Qd1+ 46. Kg2 Qd2 1-0

[Event "Nordic-ch Seniors"]
[Site "Reykjavik"]
[Date "2011.09.11"]
[Round "2"]
[White "Gudmundsson, Einar S"]
[Black "Kristjansson, Olafur"]
[Result "1/2-1/2"]
[WhiteElo "1713"]
[BlackElo "2173"]
[PlyCount "38"]
[EventDate "2011.09.10"]
[EventType "swiss"]
[EventRounds "9"]
[EventCountry "ISL"]
[SourceTitle "CBM 144 Extra"]
[Source "ChessBase"]
[SourceDate "2011.10.28"]
[SourceVersion "1"]
[SourceVersionDate "2011.10.28"]
[SourceQuality "1"]

1. e4 c5 2. Nf3 Nc6 3. d4 cxd4 4. Nxd4 g6 5. Be3 Nf6 6. Nc3 Bg7 7. Be2 0-0 8. 0-0 d5 9. exd5 Nxd5 10. Nxd5 Qxd5 11. Bf3 Qc4 12. Nxc6 bxc6 13. c3 Rb8 14. Be2 Qd5 15. Qc1 a5 16. Rd1 Qf5 17. Qd2 a4 18. Bg5 Qc5 19. Be3 Qa5 1/2-1/2

[Event "Nordic-ch Seniors"]
[Site "Reykjavik"]
[Date "2011.09.10"]
[Round "1"]
[White "Gustavsson, Sture"]
[Black "Gudmundsson, Einar S"]
[Result "0-1"]
[WhiteElo "2027"]
[BlackElo "1713"]
[PlyCount "72"]
[EventDate "2011.09.10"]
[EventType "swiss"]
[EventRounds "9"]
[EventCountry "ISL"]
[SourceTitle "CBM 144 Extra"]
[Source "ChessBase"]
[SourceDate "2011.10.28"]
[SourceVersion "1"]
[SourceVersionDate "2011.10.28"]
[SourceQuality "1"]

1. d4 Nf6 2. Nf3 e6 3. e3 d5 4. Bd3 c5 5. b3 Nc6 6. 0-0 cxd4 7. exd4 Be7 8. Bb2 0-0 9. Nbd2 Nb4 10. Be2 b6 11. Ne5 Bb7 12. c4 Rc8 13. Ndf3 Ne4 14. a3 Nc6 15. Nxc6 Bxc6 16. Ne5 Bb7 17. Rc1 f6 18. Nd3 Nd6 19. Nf4 Qd7 20. Bd3 dxc4 21. Bxh7+ Kxh7 22. Qh5+ Kg8 23. Rc3 e5 24. Ng6 Be4 25. Nxf8 Rxf8 26. dxe5 fxe5 27. Rh3 Qf5 28. Bxe5 Qxh5 29. Rxh5 cxb3 30. Re1 Bg6 31. Rh3 Bc2 32. a4 Nf5 33. Rc3 Bb4 34. Rxc2 bxc2 35. Rc1 Rc8 36. Kf1 Ba3 0-1

[Event "Reykjavik TR-chD"]
[Site "Reykjavik"]
[Date "2008.11.07"]
[Round "6"]
[White "Fridgeirsson, Dagur Andri"]
[Black "Gudmundsson, Einar S"]
[Result "1/2-1/2"]
[WhiteElo "1795"]
[BlackElo "1682"]
[PlyCount "143"]
[EventDate "2008.10.26"]
[EventType "tourn"]
[EventRounds "9"]
[EventCountry "ISL"]
[SourceTitle "EXT 2010"]
[Source "ChessBase"]
[SourceDate "2010.11.25"]
[SourceVersion "1"]
[SourceVersionDate "2010.11.25"]
[SourceQuality "1"]

1. Nf3 d5 2. d4 Nf6 3. c4 c6 4. Nc3 g6 5. Bf4 Bg7 6. Rc1 dxc4 7. e4 b5 8. a3 0-0 9. g3 Bg4 10. Bg2 Nfd7 11. Be3 a5 12. h3 Bxf3 13. Bxf3 Nb6 14. 0-0 N8d7 15. d5 b4 16. axb4 axb4 17. Bxb6 Nxb6 18. Ne2 Bxb2 19. Rb1 c3 20. Nd4 cxd5 21. exd5 Qd6 22. Re1 Rac8 23. Nc6 Rfe8 24. Qb3 Ba3 25. Ra1 Qc5 26. Qc2 Kf8 27. Ne5 Rc7 28. Qe4 Nc4 29. d6 Qxe5 30. dxc7 Qxe4 31. Bxe4 Nd6 32. Bc2 Rc8 33. f4 Rxc7 34. Kf2 Nc4 35. Ke2 Nd2 36. Rh1 Bb2 37. Ra8+ Kg7 38. Rb8 b3 39. Bxb3 Nxb3 40. Rxb3 Rd7 41. Rf1 Rd2+ 42. Ke3 h5 43. Rb7 Ba3 44. Rc7 Bb4 45. Rc1 Rg2 46. Kf3 Ra2 47. Rb7 Ra4 48. Ke3 Bc5+ 49. Kd3 Bf2 50. Rxe7 Bxg3 51. Re4 Ra5 52. Rxc3 Rf5 53. Rcc4 h4 54. Ke2 Ra5 55. Red4 Ra2+ 56. Rd2 Ra1 57. Rd7 Ra2+ 58. Kf3 Ra5 59. Kg4 Rf5 60. Re7 Kh6 61. Re5 Rf6 62. f5 Bxe5 63. fxg6 Rxg6+ 64. Kf5 Bg3 65. Ra4 Rb6 66. Ra7 Kg7 67. Ra5 Rf6+ 68. Kg4 Be1 69. Re5 Rg6+ 70. Kh5 Bc3 71. Re7 Bf6 72. Rxf7+ 1/2-1/2